书目信息 |
| 题名: |
口语交际理论与技巧
|
|
| 作者: | 孙汝建 著 | |
| 分册: | ||
| 出版信息: | 中国轻工 2007.01 |
|
| 页数: | 366页 | |
| 开本: | h193.2cm | |
| 丛书名: | ||
| 单 册: | ||
| 中图分类: | H193.2 | |
| 科图分类: | ||
| 主题词: | 汉语--语言教学 | |
| 电子资源: | ||
| ISBN: | 978-7-5019-5764-4 | |
| 000 | 00614nam0 2200229 45 | |
| 001 | 0956792986 | |
| 005 | 20091022154724.50 | |
| 010 | @a978-7-5019-5764-4@dCNY19.00 | |
| 100 | @a20090515d2007 ekmy0 y0120 ea | |
| 102 | @aCN@b130000 | |
| 102 | @aCN@b110000 | |
| 105 | @ay z 000yy | |
| 200 | 1 | @a口语交际理论与技巧@f孙汝建著@Fsun ru jian zhu |
| 210 | @c中国轻工@d2007.01 | |
| 210 | @a北京@c中国轻工业出版社 | |
| 215 | @a366页@dh193.2cm | |
| 606 | 0 | @a汉语@x语言教学 |
| 690 | @aH193.2@v4 | |
| 701 | 0 | @a孙汝建@Asun ru jian@4著 |
| 801 | 0 | @aCN@c20091022 |
| 905 | @a10447@dH193.2@eS930 | |
| 906 | @d19@n2@r1 | |
| 口语交际理论与技巧/孙汝建著.-中国轻工,2007.01.-北京:中国轻工业出版社 |
| 366页;h193.2cm |
| ISBN 978-7-5019-5764-4:CNY19.00 |
| ● |
| 相关链接 |
|
|
|
正题名:口语交际理论与技巧
索取号:H193.2/S930
 
预约/预借
| 序号 | 登录号 | 条形码 | 馆藏地/架位号 | 状态 | 备注 |
| 1 | 893345 | 208933458 | 语言库209/209语言库 77排3列1层/ [索取号:H193.2/S930] | 在馆 | |
| 2 | 893346 | 208933467 | 语言库209/209语言库 77排3列1层/ [索取号:H193.2/S930] | 在馆 |